| 000 | 00701nam a2200193Ia 4500 | ||
|---|---|---|---|
| 003 | GCL | ||
| 008 | 140319s9999 xx 000 0 ara d | ||
| 040 |
_aGCL / _cGCL |
||
| 082 | 0 | 4 |
_a953 _bا ث |
| 100 | 1 | _aامين سعيد | |
| 245 | 1 | 0 |
_aالثورة العربية الكبرى: تاريخ مفصل جامع القضية العربية فى ربع قرن مج 1 , 2 , 3 / _cامين سعيد |
| 300 | _aمتعدد | ||
| 490 |
_aالهيئة العامة للاستعلامات _v0 |
||
| 650 | 0 | 4 | _aالثورات |
| 650 | 0 | 4 | _aتركيا - تاريخ |
| 650 | 0 | 4 | _aالعالم العربى - تاريخ |
| 650 | 0 | 4 | _aفلسطين - تاريخ - العصر الاسلامى |
| 942 |
_2ddc _cBK |
||
| 999 |
_c51829 _d51829 |
||